000 01506nam a22003737a 4500
003 CHAP
005 20220817044532.0
008 120808s2012 mx r 00010 spa d
010 _a103572
011 _a104544
035 _a115234
040 _cCHAP
090 _aTesis
100 1 _aTorre Jiménez, Roberto Antonio de Jesús de la.
_9114002
245 1 0 _aMalezas resistentes a glifosato y sus mecanismos de resistencia
_h[En línea]
_c/por Roberto Antonio de Jesus de la Torre Jiménez
260 _aChapingo, Méx. :
_bEl autor,
_c2012
500 _aPara ver el contenido del material haga clic en la liga
502 _aTesis (Ing. Agr. Esp. en Parasitología Agrícola) -- UACH. Departamento de Parasitología Agrícola
590 _aALEPH
_b10
_c20130110
_lUCH01
_h1545
590 _aBATCH-UPD
_b10
_c20130110
_lUCH01
_h1621
590 _aBATCH-UPD
_b10
_c20130410
_lUCH01
_h0948
590 _aBATCH-UPD
_b10
_c20130914
_lUCH01
_h1545
590 _aBATCH-UPD
_b10
_c20140324
_lUCH01
_h1531
590 _aBATCH-UPD
_b10
_c20141002
_lUCH01
_h0853
590 _aCONVERSION
_b10
_c20130109
_lUCH01
_h1357
650 0 4 _aGlifosato.
_948283
650 0 4 _aMalas hierbas.
_969996
650 0 4 _aMalas hierbas
_xResistencia a herbicidas.
856 _3Finding aid
_uhttp://10.13.5.2/tesis/115234.pdf
_zTeclea aqui
901 _aBK
942 _cFOLL
949 _aTesis
_bBC
_cTES
_d33724002329868
_eTS1
_gDonaciØn
_h53622
_i115234
_st
949 _aTesis
_bBC
_cTES
_d33724002329900
_eTS2
_fc.2
_gDonaciØn
_h53623
_i115234
_st
999 _c103572
_d103572